La reforma administrativa desde el ciudadano /

Bibliographic Details
Main Author: Arenilla Sèz, Manuel
Corporate Author: Instituto Nacional de Administracin̤ Pb︢lica (Espaą)
Format: Book
Language:Spanish
Published: Madrid : Instituto Nacional Administracin̤ Pb︢lica, 2003.
Series:Estudios / Instituto Nacional Administracin̤ Pb︢lica
Subjects:
Online Access:Acceso restringido

MARC

LEADER 00000nam a2200000 i 4500
005 20110708142015.0
008 040218s2003 sp 000 0 spa d
020 |a 8470886584 
024 |a NIPO-329030140 
035 |a 5579 
040 |a BUS  |d vLex 
090 |c 2197  |d 2197 
100 1 |a Arenilla Sèz, Manuel. 
245 1 3 |a La reforma administrativa desde el ciudadano /  |c Manuel Arenillas Sèz.  |h [Recurso electrn̤ico] 
256 |a Servicio en ln̕ea. 
260 |a Madrid :  |b Instituto Nacional Administracin̤ Pb︢lica,  |c 2003. 
300 |a 300 p., :  |b grf̉., tablas ;  |c 24 cm. 
490 1 |a Estudios / Instituto Nacional Administracin̤ Pb︢lica  
504 |a Bibliografa̕. 
506 1 |a Contenido solo disponible en los productos indicados  |d vLex Global  |d vLex Global (Academic Edition, excluding Law Schools)  |d vLex Global (U.S. Academic Edition, Law Schools)  |d vLex Global (U.S. Academic Edition, excluding Law Schools)  |d vLex Global (Academic Edition, Law Schools) 
650 |a Administracin̤ pb︢lica  |2 Tesauro vLex 
650 |2 Tesauro vLex  |a Reforma administrativa 
710 2 |a Instituto Nacional de Administracin̤ Pb︢lica (Espaą) 
740 0 |a vLex Libros (Servicio en ln̕ea) 
810 2 |a Instituto Nacional Administracin̤ Pb︢lica.  |t Estudios. 
856 4 0 |u http://vlex.com/source/reforma-administrativa-ciudadano-5579  |z Acceso restringido 
942 |c BOOK